000 00758nam a2200241 i 4500
001 23940
003 ES-MaACL
005 20240512063032.0
007 t|
008 021213s1981 sp ||||1| spa d
020 _a84-01-81041-8
080 _a821.134.3-1"19"(082.2)
100 1 _aAndrade, Eugénio de,
_d1923-2005
_921508
245 1 0 _aAntología poética
_b: 1940-1980 /
_cEugénio de Andrade ; versión de Ángel Crespo.
250 _a1ª ed.
260 _a[Barcelona] :
_bPlaza y Janés,
_c1981.
300 _a281 p. ;
_c19 cm.
504 _aBibliografía: p. 35-38.
546 _aTexto paralelo en portugués y español.
700 1 _aCrespo, Ángel,
_d1926-1995
_941513
852 _aES-MaACL
_jL-1697
999 _c23940
_d23940